Family medical care (Record no. 8370)

MARC details
000 -LEADER
fixed length control field 00552nam a2200181Ia 4500
003 - CONTROL NUMBER IDENTIFIER
control field IN-BaIIA
008 - FIXED-LENGTH DATA ELEMENTS--GENERAL INFORMATION
fixed length control field 211028s9999 xx 000 0 eng d
020 ## - INTERNATIONAL STANDARD BOOK NUMBER
International Standard Book Number 0-949809-01-2
040 ## - CATALOGING SOURCE
Transcribing agency IIA Library
080 ## - UNIVERSAL DECIMAL CLASSIFICATION NUMBER
Universal Decimal Classification number (03):61
Item number KNI-1
100 ## - MAIN ENTRY--PERSONAL NAME
Personal name Knight, John F.
9 (RLIN) 14036
245 #0 - TITLE STATEMENT
Title Family medical care
Remainder of title vol. 1, Creative pt.nership
Statement of responsibility, etc. John F. Knight
260 ## - PUBLICATION, DISTRIBUTION, ETC.
Place of publication, distribution, etc. Delhi
Name of publisher, distributor, etc. National Home and Health Service
Date of publication, distribution, etc. 1984
300 ## - PHYSICAL DESCRIPTION
Extent 183p.
650 ## - SUBJECT ADDED ENTRY--TOPICAL TERM
Topical term or geographic name entry element Medical Health
9 (RLIN) 14037
650 ## - SUBJECT ADDED ENTRY--TOPICAL TERM
Topical term or geographic name entry element NASA Thesaurus
942 ## - ADDED ENTRY ELEMENTS (KOHA)
Koha item type Books
Holdings
Withdrawn status Lost status Damaged status Not for loan Home library Current library Shelving location Date acquired Cost, normal purchase price Total Checkouts Full call number Barcode Date last seen Cost, replacement price Price effective from Koha item type Purchase Price
        IIA Library-Bangalore IIA Library-Bangalore General Stacks 23/07/1985 150.00   (03):61/ KNI-1 9219 05/11/2021 150.00 23/07/1985 Books Rs. 150.00

Powered by Koha